SMALL BUSINESS MANAGEMENT AND ENTRPRENEURSHIP (Record no. 215883)

MARC details
000 -LEADER
fixed length control field 00586nam a22001937a 4500
008 - FIXED-LENGTH DATA ELEMENTS--GENERAL INFORMATION
fixed length control field 250710b |||||||| |||| 00| 0 eng d
020 ## - INTERNATIONAL STANDARD BOOK NUMBER
International Standard Book Number 978-1-4737-2973-5
050 ## - LIBRARY OF CONGRESS CALL NUMBER
Classification number HD 62.7 .S76 2017
100 ## - MAIN ENTRY--PERSONAL NAME
Personal name STOKES, DAVID
245 ## - TITLE STATEMENT
Title SMALL BUSINESS MANAGEMENT AND ENTRPRENEURSHIP
250 ## - EDITION STATEMENT
Edition statement 7
260 ## - PUBLICATION, DISTRIBUTION, ETC.
Place of publication, distribution, etc. UNITED KINGDOM
Name of publisher, distributor, etc. CENGAGE LEARNING EMEA
Date of publication, distribution, etc. 2017
300 ## - PHYSICAL DESCRIPTION
Extent XVII,493P.:ILL
500 ## - GENERAL NOTE
General note INCLUDES BIBLIOGRAPHICAL REFERENCES AND INDEX
650 ## - SUBJECT ADDED ENTRY
Topical term or geographic name entry element 1.SMALL BUSINESS MANAGEMENT 2. ENTRPRENEURSHIP
700 ## - ADDED ENTRY--PERSONAL NAME
Personal name WILSON, NICK
942 ## - ADDED ENTRY ELEMENTS (KOHA)
Source of classification or shelving scheme Library of Congress Classification
Koha item type Long Loan Book
Holdings
Withdrawn status Lost status Source of classification or shelving scheme Damaged status Not for loan Collection Home library Current library Shelving location Date acquired Inventory number Total checkouts Full call number Barcode Date last seen Copy number Price effective from Koha item type
    Library of Congress Classification     Business & Economics Kisii University Library Kisii University Library On Display 07/10/2025 109045   HD 62.7 .S76 2017 000000023928 07/10/2025 1 07/10/2025 Long Loan Book
    Library of Congress Classification     Business & Economics Kisii University Library Kisii University Library On Display 07/10/2025 109046   HD 62.7 .S76 2017 000000023921 07/10/2025 2 07/10/2025 Long Loan Book
    Library of Congress Classification     Business & Economics Kisii University Library Kisii University Library On Display 07/10/2025 109047   HD 62.7 .S76 2017 000000023920 07/10/2025 3 07/10/2025 Long Loan Book
    Library of Congress Classification     Business & Economics Kisii University Library Kisii University Library On Display 07/10/2025 109048   HD 62.7 .S76 2017 000000023919 07/10/2025 4 07/10/2025 Long Loan Book
    Library of Congress Classification     Business & Economics Kisii University Library Kisii University Library On Display 07/10/2025 109049   HD 62.7 .S76 2017 000000023918 07/10/2025 5 07/10/2025 Long Loan Book